[Event "Aeroflot Open B"]
[Site "Moscow RUS"]
[Date "2005.02.17"]
[Round "3"]
[White "Khismatullin,D"]
[Black "Mamedov,Rau"]
[Result "0-1"]
[WhiteElo "2548"]
[BlackElo "2494"]

1.d4 Nf6 2.c4 g6 3.Nf3 Bg7 4.g3 O-O 5.Bg2 d6 6.O-O Nbd7 7.Nc3 e5 8.e4 a6
9.Re1 exd4 10.Nxd4 Re8 11.b3 Rb8 12.Bb2 Ne5 13.h3 c5 14.Nc2 Nc6 15.Qd2 Be6
16.Rad1 Qa5 17.Qc1 Rbd8 18.Qa1 Nh5 19.Ne2 Nb4 20.Nxb4 Bxb2 21.Qxb2 Qxb4 22.a3 Qb6
23.Rd2 Ng7 24.g4 h5 25.g5 Qa5 26.Nf4 b5 27.b4 Qb6 28.Nd5 Bxd5 29.cxd5 c4
30.Rde2 Rc8 31.Qc3 h4 32.Bf3 Re5 33.Kh2 Rce8 34.Qd2 Qd8 35.Bg4 f5 36.gxf6 Qxf6
37.f4 c3 38.Qc1 R5e7 39.Kg2 Qd4 40.Kf3 Nf5 41.Qc2 Qe3+ 42.Rxe3 Nd4+ 43.Kf2 Nxc2
44.e5 Nxe3 45.Rxe3 dxe5 46.Rxc3 exf4 47.d6 Re3 48.d7 Rf8 49.Rc8 Rd3 50.Ke2 Rd4
51.Be6+ Kg7 52.Kf3 Rd6 53.Re8 g5 54.Re7+ Kg6 55.Re8 Rf6 56.Re7 Rd4 57.Re8 Rxe6
58.Rxe6+ Kf5 59.Re7 Rd6 60.Rh7 Ke6 61.Kg4 Rxd7 62.Rh6+ Ke5 63.Rxa6 Rd3 64.Kxg5 Rxh3
65.Ra8 f3 66.Rf8 Ke4 67.Kg4 Rg3+ 68.Kxh4 Rg7 69.Kh3 Ke3 70.Rf5 f2 71.Rf8 Ke2  0-1

[Event "3rd Breizh Masters"]
[Site "Guingamp FRA"]
[Date "2005.02.22"]
[Round "5"]
[White "Verat,L"]
[Black "Dumitrache,D"]
[Result "1/2-1/2"]
[WhiteElo "2357"]
[BlackElo "2465"]

1.d4 d6 2.g3 Nf6 3.Nf3 g6 4.Bg2 Bg7 5.c4 O-O 6.Nc3 Nc6 7.O-O Rb8 8.e3 a6
9.Qe2 e5 10.d5 Ne7 11.e4 Ne8 12.b4 h6 13.Bb2 f5 14.exf5 gxf5 15.Nh4 Nf6 16.f4 e4
17.Rad1 Qe8 18.Bh3 b5 19.cxb5 axb5 20.Ng2 Qh5 21.Qxh5 Nxh5 22.Ne3 Nf6 23.Rf2 h5
24.Rc2 Bd7 25.Bf1 Ng4 26.Nxg4 hxg4 27.Ne2 Bxb2 28.Rxb2 Rb7 29.h3 gxh3 30.Bxh3 Kg7
31.Nc3 Rh8 32.Bf1 Ng8 33.Rh2 Rxh2 34.Kxh2 Nf6 35.Be2 Ra7 36.Kg2 Ra3 37.Rc1 c6
38.dxc6 Bxc6 39.Kf2 Kg6 40.Rc2 Nd5 41.Nxd5 Bxd5 42.Bxb5 Bxa2 43.Rc6 Rf3+
44.Kg1 Rb3 45.Rxd6+ Kg7 46.Rd7+ Kf6 47.Rd6+ Ke7 48.Rd1 Kf6 49.Rd6+ Ke7 50.Rd7+ Kf6  1/2-1/2

[Event "12th Metalis Open"]
[Site "Bizovac CRO"]
[Date "2005.02.26"]
[Round "5"]
[White "Arsovic,G"]
[Black "Martic,Z"]
[Result "1-0"]
[WhiteElo "2414"]
[BlackElo "2303"]

1.Nf3 g6 2.d4 Bg7 3.c4 Nf6 4.g3 O-O 5.Bg2 d6 6.O-O Nbd7 7.Nc3 e5 8.e4 exd4
9.Nxd4 Re8 10.h3 a6 11.Be3 Rb8 12.b3 Nc5 13.Qc2 Qe7 14.Rfe1 Bd7 15.f3 b5
16.cxb5 axb5 17.b4 Ne6 18.Nde2 g5 19.Rad1 c5 20.bxc5 dxc5 21.e5 Nh5 22.Nd5 Qd8
23.f4 gxf4 24.gxf4 Kh8 25.Qe4 Rg8 26.Qf3 Nhxf4 27.Nexf4 Ng5 28.Qh5 Bxe5 29.Bxc5 Qc8
30.Be7  1-0

[Event "Mimoza Open"]
[Site "Herceg Novi SCG"]
[Date "2005.02.27"]
[Round "4"]
[White "Abramovic,B"]
[Black "Popovic,Du"]
[Result "1-0"]
[WhiteElo "2478"]
[BlackElo "2462"]

1.d4 Nf6 2.c4 g6 3.Nf3 Bg7 4.g3 O-O 5.Bg2 d6 6.Nc3 Nc6 7.O-O a6 8.e4 Bg4
9.h3 Bxf3 10.Bxf3 Nd7 11.Be3 e5 12.d5 Nd4 13.Bg2 c5 14.dxc6 bxc6 15.b4 Nb6
16.Qd3 c5 17.bxc5 dxc5 18.Rfd1 Qd6 19.Rab1 Rab8 20.Nd5 Nxd5 21.cxd5 Rbc8
22.Qc4 f5 23.Bd2 f4 24.Ba5 Rb8 25.a4 Kh8 26.Qa2 h5 27.Rxb8 Rxb8 28.Rb1 Bh6
29.Rxb8+ Qxb8 30.h4 g5 31.d6 Qxd6 32.hxg5 Bxg5 33.Qf7 fxg3 34.Qxh5+ Bh6 35.fxg3 Kg7
36.Bf1 Qf6 37.Qg4+ Kh7 38.Bc4 Bg5 39.Bc3 Kh6 40.Kg2 Kh7 41.Qh5+ Kg7 42.Bxa6 Qxa6
43.Qxg5+ Kh7 44.Qf5+ Kg8 45.Bd2 Qd3 46.Qg4+ Kh7 47.Bg5 Qc2+ 48.Kh3 Qxa4 49.Bf6  1-0

[Event "Sozina Open"]
[Site "Bar SCG"]
[Date "2005.03.04"]
[Round "1"]
[White "Kizov,A"]
[Black "Hlavac,I"]
[Result "1-0"]
[WhiteElo "2360"]
[BlackElo "1877"]

1.d4 g6 2.c4 Bg7 3.Nf3 Nf6 4.g3 O-O 5.Bg2 d6 6.O-O Nbd7 7.Nc3 e5 8.e4 exd4
9.Nxd4 Ne5 10.b3 Bg4 11.f3 Bd7 12.h3 Nc6 13.Nde2 Nh5 14.Bb2 Qg5 15.f4 Qc5+
16.Kh2 Ne7 17.Qd2 Rad8 18.Rac1 a5 19.Nd5 Nxd5 20.cxd5 Qb6 21.e5 Bb5 22.g4 Bxe2
23.Qxe2 Nxf4 24.Rxf4 Bh6 25.Rf6 Bxc1 26.Bxc1 Qd4 27.Bb2 Qb4 28.e6  1-0

[Event "ch-BLR"]
[Site "Minsk BLR"]
[Date "2005.03.04"]
[Round "1"]
[White "Maiorov,N"]
[Black "Zhigalko,A"]
[Result "1/2-1/2"]
[WhiteElo "2457"]
[BlackElo "2532"]

1.d4 Nf6 2.c4 g6 3.Nf3 Bg7 4.g3 O-O 5.Bg2 d6 6.O-O Nc6 7.d5 Na5 8.Nfd2 c6
9.Na3 c5 10.Nc2 e5 11.a3 Qc7 12.e4 Bh6 13.Ne3 Bxe3 14.fxe3 Ne8 15.b3 b6 16.Bb2 Bd7
17.Qc2 h5 18.Rf2 Qd8 19.h3 Qg5 20.Rf3 Ng7 21.Raf1 h4 22.g4 f5 23.exf5 gxf5
24.b4 Nb7 25.gxf5 Bxf5 26.Ne4 Bxe4 27.Qxe4 cxb4 28.axb4 a5 29.Ba3 axb4 30.Bxb4 Rxf3
31.Rxf3 Ra1+ 32.Kh2 Rc1 33.Bf1 Nh5 34.Qg4 Qxg4 35.hxg4 Ng3 36.Bh3 Rc2+ 37.Bg2 Rxc4
38.Be1 Rxg4 39.Bh3 Rg7 40.Be6+ Kh7 41.Kh3 Nc5 42.Bb4 Nxe6 43.dxe6 Ne4 44.Kxh4 Re7
45.Kh5 Kg7 46.Kg4 Kg6 47.Rf8 Rxe6 48.Rg8+ Kf7 49.Rb8 d5 50.Rf8+ Kg6 51.Rg8+ Kh7
52.Rd8 Rg6+ 53.Kf5 Rg5+ 54.Ke6 Nf2 55.Rxd5 Ng4 56.Rd7+ Kg6 57.Bd2 Rh5 58.Rb7 Rh2
59.Bc3 Kg5 60.Bxe5 Rh6+ 61.Kd5 Nxe3+ 62.Ke4 Re6 63.Kxe3 Rxe5+  1/2-1/2

[Event "Acropolis Women's GM Open"]
[Site "Athens GRE"]
[Date "2005.03.06"]
[Round "1"]
[White "Kiseleva,N"]
[Black "Stefanidi,M1"]
[Result "1-0"]
[WhiteElo "2286"]
[BlackElo "2117"]

1.d4 Nf6 2.c4 g6 3.g3 Bg7 4.Bg2 d6 5.Nf3 O-O 6.O-O Nbd7 7.Nc3 e5 8.e4 exd4
9.Nxd4 Ne5 10.b3 Bd7 11.h3 Nc6 12.Nde2 h6 13.Be3 Re8 14.Qd2 Kh7 15.Rad1 Rb8
16.f4 Qe7 17.Bf2 a6 18.c5 Bf8 19.Rfe1 Rbd8 20.Nd5 Nxd5 21.exd5 Nb8 22.Nc3 Qf6
23.Bd4 Rxe1+ 24.Rxe1  1-0

[Event "Acropolis GM Open"]
[Site "Athens GRE"]
[Date "2005.03.06"]
[Round "1"]
[White "Avrukh,B"]
[Black "Tsanas,A"]
[Result "1-0"]
[WhiteElo "2629"]
[BlackElo "2289"]

1.d4 Nf6 2.c4 g6 3.Nf3 Bg7 4.g3 O-O 5.Bg2 d6 6.Nc3 Nbd7 7.O-O e5 8.e4 a6
9.h3 b5 10.dxe5 dxe5 11.Qc2 bxc4 12.Be3 Qe7 13.Na4 Qb4 14.Nd2 Nb6 15.Nxb6 cxb6
16.Nxc4 Rb8 17.Rfd1 Nd7 18.Rac1 Qe7 19.Nd6 Bb7 20.Qc7 Ba8 21.h4 Qe6 22.Nxf7 Rxf7
23.Rxd7 Rbf8 24.Rcd1 Qxa2 25.Rxf7 Rxf7 26.Rd8+ Rf8 27.Rxf8+ Bxf8 28.Qc8  1-0

[Event "Sozina Open"]
[Site "Bar SCG"]
[Date "2005.03.06"]
[Round "3"]
[White "Kizov,A"]
[Black "Djukic,Ni"]
[Result "1/2-1/2"]
[WhiteElo "2360"]
[BlackElo "2504"]

1.d4 Nf6 2.c4 g6 3.Nf3 Bg7 4.g3 O-O 5.Bg2 d6 6.O-O Nc6 7.Nc3 a6 8.h3 Bd7
9.e4 e5 10.dxe5 dxe5 11.Be3 Be6 12.Qa4 Qd3 13.Nd5 b5 14.Qd1 bxc4 15.Nxc7 Rab8
16.Nxe6 fxe6 17.Qa4 Nb4 18.Rfd1 Qc2 19.Qa3 Qxe4 20.Nh2 Nc2 21.Qc3 Nxe3 22.Bxe4 Nxd1
23.Rxd1 Nxe4 24.Qxc4 Nxf2 25.Qxe6+ Kh8 26.Rd7 Rxb2 27.Nf1 e4 28.Rxg7 Nxh3+
29.Qxh3 Kxg7 30.Qd7+ Kh6 31.Qe7 Rf5 32.Ne3 Rb1+ 33.Kg2 Rb2+ 34.Kh3 Rh5+ 35.Kg4 Rf2
36.a4 a5 37.Ng2 Rff5 38.Nh4 Rhg5+ 39.Kh3 Rf1 40.Qxe4 Rg1 41.Qf4 Rxg3+ 42.Qxg3 Rxg3+
43.Kxg3 Kg5 44.Nf3+ Kf5 45.Nd4+ Ke4 46.Nb3 Kd5 47.Nxa5 Kc5 48.Nb3+ Kb4 49.a5 Kb5
50.Kg4 h5+ 51.Kg5  1/2-1/2

[Event "Sozina Open"]
[Site "Bar SCG"]
[Date "2005.03.06"]
[Round "3"]
[White "Bernasek,J"]
[Black "Brenjo,S"]
[Result "1/2-1/2"]
[WhiteElo "2389"]
[BlackElo "2463"]

1.d4 Nf6 2.c4 g6 3.Nf3 Bg7 4.g3 O-O 5.Bg2 d6 6.O-O Nc6 7.h3 e5 8.Be3 Re8
9.Nc3 exd4 10.Nxd4 Bd7 11.Qd2 Qc8 12.Kh2 Re5 13.Nxc6 bxc6 14.Bg5 h6 15.f4 Re8
16.Bh4 Qa6 17.Rac1 Qxc4 18.Bxf6 Bxf6 19.Nd5 cxd5 20.Rxc4 dxc4 21.Bxa8 Rxa8
22.e4 Rb8 23.e5 Bg7 24.Rf2 Rb6 25.Qd5 Be6 26.Qa8+ Kh7 27.Qxa7 dxe5 28.fxe5 Bxe5
29.Re2 Rxb2 30.Rxb2 Bxb2 31.a4 Bf6 32.Qxc7 c3 33.a5 Bb3 34.a6 c2 35.a7 Bb2
36.a8=Q c1=Q 37.Qxc1 Bxc1 38.Qa1 Bg5 39.h4 Be7 40.h5 Be6 41.Qe5 gxh5 42.Qxh5 Bg5
43.Qf3 Kg7  1/2-1/2

[Event "NWAPA Rector Cup"]
[Site "St Petersburg RUS"]
[Date "2005.03.07"]
[Round "6"]
[White "Kostiuk,T"]
[Black "Bodnaruk,A"]
[Result "1-0"]
[WhiteElo "2307"]
[BlackElo "2138"]

1.d4 Nf6 2.Nf3 g6 3.g3 Bg7 4.Bg2 O-O 5.c4 d6 6.Nc3 Nbd7 7.O-O e5 8.e4 exd4
9.Nxd4 Re8 10.h3 Nc5 11.Re1 a5 12.b3 Nfd7 13.Be3 Ne6 14.f4 Ndc5 15.Qd2 Nxd4
16.Bxd4 Ne6 17.Bxg7 Nxg7 18.Rad1 Be6 19.Qb2 h5 20.e5 Qc8 21.Ne4 Rd8 22.exd6 cxd6
23.Nxd6 Qc5+ 24.Qf2 Qb4 25.Nxb7 Rxd1 26.Rxd1 Rc8 27.Nd8 Bf5 28.Nc6 Qa3 29.Qa7 Re8
30.Qxa5 Qb2 31.Qd2 Qa3 32.Ne5 f6 33.Nc6 Ne6 34.Qd6 Qxa2 35.Ne7+ Kf7 36.Nxf5 gxf5
37.Qd3 h4 38.Bd5 hxg3 39.Qxg3 Qa6 40.Re1 Qa2 41.Kh1  1-0

[Event "FSIMA March"]
[Site "Budapest HUN"]
[Date "2005.03.13"]
[Round "9"]
[White "Suranyi,P"]
[Black "Farago,S"]
[Result "0-1"]
[WhiteElo "2174"]
[BlackElo "2290"]

1.d4 Nf6 2.Nf3 g6 3.c4 Bg7 4.g3 d6 5.Bg2 O-O 6.O-O c6 7.Nc3 a6 8.Qc2 b5 9.b3 b4
10.Ne4 Ne8 11.Rd1 f5 12.Neg5 h6 13.Nh3 g5 14.Ne1 f4 15.gxf4 g4 16.Ng5 hxg5
17.fxg5 Bf5 18.e4 Bh7 19.Qe2 Qc8 20.Bb2 e5 21.c5 Ra7 22.cxd6 Nxd6 23.dxe5 Nf7
24.f4 gxf3 25.Nxf3 Qg4 26.Qc4 Rd7 27.Bd4 Bxe4 28.h3 Qh5 29.e6 Bxd4+ 30.Rxd4 Bd5
31.Rxd5 Rxd5 32.exf7+ Rxf7 33.Qe4 Nd7 34.h4 Rdf5 35.Rf1 c5 36.Nh2 Re5 37.Qc4 Kg7
38.Bf3 Qh8 39.Qg4 Ref5 40.Be4 Rxf1+ 41.Nxf1 Kf8 42.Bd5 Re7 43.Qf4+ Ke8 44.Bc4 Qe5
45.Qxe5 Nxe5 46.Bxa6 Nf3+ 47.Kf2 Nxh4 48.Kg3 Nf5+ 49.Kf4 Nd4 50.g6 Kf8 51.Ng3 Ne6+
52.Kg4 Ra7 53.Bc4 Ng7 54.Ne4 Rc7 55.Kg5 Rc6 56.Nf6 Rd6 57.Ne4 Rc6 58.Bd5 Rc7
59.Nf6 Re7 60.Nh7+ Ke8 61.Bc6+ Kd8 62.Nf6 Re5+ 63.Kh6 Nf5+ 64.Kh7 Re7+ 65.Kh8 Re6
66.g7 Nxg7 67.Kxg7 Rxc6 68.Kf7 Kc7 69.Ne4 c4 70.bxc4 Rxc4 71.Ng5 Kd6 72.Ke8 Rc2  0-1

[Event "IRT Eduardo Orosco"]
[Site "Pinamar ARG"]
[Date "2005.03.18"]
[Round "11"]
[White "Romero,Fa"]
[Black "Tumini,L"]
[Result "1/2-1/2"]
[WhiteElo "2053"]
[BlackElo "2142"]

1.c4 d6 2.g3 g6 3.Bg2 Bg7 4.Nf3 Nf6 5.d4 O-O 6.Nc3 Nbd7 7.O-O c6 8.Re1 e5
9.dxe5 dxe5 10.e4 Qc7 11.Bg5 a5 12.Qa4 Nc5 13.Qc2 Ne6 14.Be3  1/2-1/2

[Event "Norwegian Open"]
[Site "Oslo NOR"]
[Date "2005.03.20"]
[Round "2"]
[White "Moen,A"]
[Black "Nordahl,H"]
[Result "1/2-1/2"]
[WhiteElo "2214"]
[BlackElo "2402"]

1.d4 Nf6 2.c4 g6 3.Nf3 Bg7 4.g3 O-O 5.Bg2 d6 6.O-O c6 7.Nc3 Qa5 8.h3 Be6
9.Nd2 Qa6 10.d5 cxd5 11.cxd5 Bd7 12.Qb3 b5 13.Nf3 Qb7 14.Nd4 Ne4 15.Ndxb5 Nc5
16.Qc4 Rc8 17.Nd4 Na4 18.Qb3 Qxb3 19.axb3 Nxc3 20.bxc3 Rxc3 21.Be3 Bxd4 22.Bxd4 Rxb3
23.Bxa7 Rb7 24.Bd4 Rxa1 25.Rxa1 f6 26.e4 Bb5 27.Rb1 Ba6 28.Rxb7 Bxb7 29.Bf1 f5
30.exf5 Bxd5 31.fxg6 hxg6 32.Bb5 Bc6 33.Ba7 Bxb5 34.Bxb8 Kf7 35.f4 Ke6 36.Kf2 Kd5
37.Ke3 Kc5 38.Ba7+ Kd5 39.g4 Bd7 40.Kf3 Kc4 41.Ke3 Bc8 42.Bd4 Bb7 43.Bg7 Kd5
44.f5 gxf5 45.gxf5 e5 46.fxe6  1/2-1/2

[Event "US Amateur Team East"]
[Site "Parsippany USA"]
[Date "2005.03.21"]
[Round "6"]
[White "Vavrak,P"]
[Black "Kedyk,D"]
[Result "1/2-1/2"]
[WhiteElo "2401"]
[BlackElo "2289"]

1.d4 Nf6 2.Nf3 g6 3.c4 Bg7 4.g3 d6 5.Bg2 O-O 6.O-O Nbd7 7.Nc3 e5 8.e4 exd4
9.Nxd4 Re8 10.h3 a6 11.Rb1 Rb8 12.b3 c5 13.Nde2 b5 14.cxb5 axb5 15.b4 Bb7
16.Bf4 Nxe4 17.Nxe4 Bxe4 18.Bxe4 Rxe4 19.bxc5 Nxc5  1/2-1/2

[Event "Norwegian Open"]
[Site "Oslo NOR"]
[Date "2005.03.23"]
[Round "5"]
[White "Moen,A"]
[Black "Gullaksen,E"]
[Result "1/2-1/2"]
[WhiteElo "2214"]
[BlackElo "2383"]

1.d4 Nf6 2.Nf3 g6 3.c4 Bg7 4.g3 O-O 5.Bg2 d6 6.O-O c6 7.Nc3 Qb6 8.Re1 Na6
9.a3 e5 10.dxe5 Ng4 11.e3 Nxe5 12.Nxe5 dxe5 13.b4 e4 14.Bb2 f5 15.Na4 Qc7
16.Bxg7 Qxg7 17.Qd4 Qxd4 18.exd4 Be6 19.Nb2 Rfd8 20.Rad1 Rd7 21.f3 Rad8 22.fxe4 Rxd4
23.Rxd4 Rxd4 24.exf5 Bxf5 25.Re8+ Kf7 26.Ra8 Rd2 27.Rxa7 Kf6 28.Rxb7 Rxb2
29.Bxc6 Ke5 30.Bb5 Rb1+ 31.Kf2 Rb2+ 32.Kg1 Rb1+ 33.Kf2 Rb2+ 34.Kg1  1/2-1/2

[Event "XXXXII Open"]
[Site "La Roda ESP"]
[Date "2005.03.24"]
[Round "2"]
[White "Komljenovic,D"]
[Black "Vaya Gomez,A"]
[Result "1-0"]
[WhiteElo "2492"]
[BlackElo "2140"]

1.d4 g6 2.c4 Bg7 3.Nf3 d6 4.g3 Nf6 5.Bg2 O-O 6.O-O Nbd7 7.Nc3 c6 8.e4 Qc7
9.Rb1 e5 10.Re1 Re8 11.h3 Nf8 12.Be3 Ne6 13.Qc2 exd4 14.Nxd4 Nxd4 15.Bxd4 Be6
16.b3 Qa5 17.Ne2 d5 18.Qb2 Nh5 19.Bxg7 Nxg7 20.b4 Qb6 21.cxd5 cxd5 22.exd5 Bd7
23.Nc3 f6 24.d6 Qxd6 25.Red1  1-0

[Event "ch-EU"]
[Site "Cork IRL"]
[Date "2005.03.25"]
[Round "4"]
[White "Baburin,A"]
[Black "Astaneh Lopez,A"]
[Result "1-0"]
[WhiteElo "2523"]
[BlackElo "2277"]

1.d4 Nf6 2.c4 g6 3.Nf3 Bg7 4.g3 O-O 5.Bg2 d6 6.O-O Nc6 7.Nc3 a6 8.Qd3 e5
9.dxe5 dxe5 10.Qxd8 Rxd8 11.Bg5 Be6 12.Nd2 h6 13.Bxf6 Bxf6 14.Nde4 Be7 15.Nd5 Bxd5
16.cxd5 Nb4 17.Nc3 c6 18.dxc6 Nxc6 19.Rfd1 Kf8 20.e3 Rac8 21.Nd5 Bc5 22.Rac1 Ba7
23.Nf6 Rxd1+ 24.Rxd1 Kg7 25.Nd7 f6 26.Rd6 Nd8 27.Bd5 Rc1+ 28.Kg2 Rc2 29.Nxf6 Bxe3
30.Ng4 Bg5 31.Nxe5 Rxb2 32.Rxg6+ Kf8 33.h4 Be3 34.Ng4 Bc5 35.Rxh6 Kg7 36.Rh5 b6
37.Rg5+ Kf8 38.h5  1-0

[Event "Technomont Cup"]
[Site "Frydek Mistek CZE"]
[Date "2005.03.25"]
[Round "3"]
[White "Bandza,A"]
[Black "Meszaros,Mi"]
[Result "0-1"]
[WhiteElo "2383"]
[BlackElo "2347"]

1.d4 Nf6 2.c4 g6 3.Nf3 Bg7 4.g3 O-O 5.Bg2 d6 6.O-O Nc6 7.Nc3 a6 8.Re1 Rb8
9.Rb1 b5 10.cxb5 axb5 11.b4 e5 12.d5 Ne7 13.e4 Bd7 14.a4 bxa4 15.b5 Nh5 16.Qxa4 h6
17.Qa3 Nc8 18.Nd2 f5 19.Nc4 Qf6 20.f3 f4 21.Ne2 fxg3 22.hxg3 Rxb5 23.Be3 g5
24.Rxb5 Bxb5 25.Qb3 Bd7 26.Qb7 g4 27.fxg4 Bxg4 28.Qxc7 Qg6 29.Bf2 Nf4 30.Nxf4 exf4
31.e5 fxg3 32.Bxg3 Bf3 33.Kh2 Qh5+ 34.Kg1 Qg4 35.Kh2 Qh5+ 36.Kg1 Qg4 37.Kh2 Bxg2
38.Kxg2 Rf3 39.Qd8+ Kh7 40.Qh4 Rxg3+ 41.Qxg3 Qxc4 42.exd6 Qxd5+ 43.Qf3 Qg5+
44.Qg3 Nxd6 45.Kh3 Nf5 46.Qg4 Bf6 47.Rf1 Qxg4+  0-1

[Event "Spring Open"]
[Site "Belgrade SCG"]
[Date "2005.03.26"]
[Round "2"]
[White "Pavlovic,Drago"]
[Black "Nikolic,Milo"]
[Result "1-0"]
[WhiteElo "2261"]
[BlackElo "2177"]

1.d4 Nf6 2.c4 g6 3.Nf3 Bg7 4.g3 O-O 5.Bg2 d6 6.O-O c5 7.d5 e6 8.Nc3 exd5
9.cxd5 Na6 10.Nd2 Nc7 11.Nc4 Nfe8 12.Re1 b6 13.a4 Ba6 14.Na3 Bb7 15.Bf4 Qd7
16.e4 Rd8 17.Qd2 Ba6 18.b3 Nf6 19.Nc4 Bxc4 20.bxc4 Ng4 21.Bh3 Ne5 22.Bxe5 Qxh3
23.Bxg7 Kxg7 24.Nb5 Qd7 25.e5 dxe5 26.Rxe5 a6 27.Qb2 Kg8 28.Nc3 Rb8 29.Rae1 Qd8
30.Re7 Ne8 31.Qd2 Nd6 32.Qf4 Nf5 33.R7e5 Nd6 34.h4 h5 35.Ne4 Nxe4 36.R5xe4 b5
37.axb5 axb5 38.d6 bxc4 39.Rxc4 Rb6 40.Rd1 Rc6 41.d7 Kg7 42.Qe5+ f6 43.Qd5 Rc7
44.Qd6 Ra7 45.Rxc5 Ra8 46.Rc3 Rf7 47.Qc6 Rf8 48.Re3 Rb8 49.Rde1 Rb7  1-0

[Event "Open"]
[Site "Coventry ENG"]
[Date "2005.03.26"]
[Round "4"]
[White "Tkachiev,V"]
[Black "Greenfeld,A"]
[Result "0-1"]
[WhiteElo "2609"]
[BlackElo "2549"]

1.d4 Nf6 2.Nf3 g6 3.c4 Bg7 4.g3 O-O 5.Bg2 d6 6.O-O Nbd7 7.Nc3 e5 8.e4 exd4
9.Nxd4 Re8 10.h3 Nc5 11.Re1 Bd7 12.Kh2 h6 13.Rb1 a6 14.Nb3 Na4 15.Bd2 c5
16.Qc1 Nxc3 17.Bxc3 Qc7 18.Nd2 Re6 19.Qc2 Rae8 20.f3 Nh5 21.Nf1 Bxc3 22.Qxc3 Bc6
23.Qd2 Kh7 24.Rbd1 Qe7 25.Ne3 f5 26.Nd5 Qg7 27.f4 fxe4 28.Ne3 Rf8 29.Rf1 Qf7
30.f5 gxf5 31.Rxf5 Rf6 32.Rxf6 Qxf6 33.Ng4 Qg7 34.Qxd6 Nf6 35.Ne3 Nd7 36.Rd2 Ne5
37.Qxc5 Rf3 38.g4 Qg5 39.Qd6 Rxe3 40.Qc7+ Qg7  0-1

[Event "Norwegian Open"]
[Site "Oslo NOR"]
[Date "2005.03.26"]
[Round "8"]
[White "Moen,A"]
[Black "Trygstad,K"]
[Result "1/2-1/2"]
[WhiteElo "2214"]
[BlackElo "2307"]

1.d4 Nf6 2.Nf3 g6 3.c4 Bg7 4.g3 O-O 5.Bg2 d6 6.O-O Nbd7 7.Qc2 e5 8.Rd1 Qe7
9.Nc3 c6 10.b3 exd4 11.Nxd4 a6 12.e4 Rb8 13.Rb1 Re8 14.f3 c5 15.Nde2 b5 16.Bg5 bxc4
17.Nd5 Qf8 18.Qxc4 Ne5 19.Nxf6+ Bxf6 20.Qc1 Bxg5 21.Qxg5 Bb7 22.b4 Bc6 23.Qd2 Ba4
24.Rdc1 Rxb4 25.Rxb4 cxb4 26.Qxb4 Bb5 27.Nf4 Nd3 28.Nxd3 Bxd3 29.Qd4 Bb5
30.Rd1 Rc8 31.h4 Rc4 32.Qf6 Rc6 33.f4 d5 34.Qg5 Qc5+ 35.Kh1 d4 36.Qd8+ Kg7
37.Qxd4+ Qxd4 38.Rxd4 Rc1+  1/2-1/2

[Event "ch-RUS w 1st League"]
[Site "Samara RUS"]
[Date "2005.03.26"]
[Round "4"]
[White "Demina,J"]
[Black "Grunina,N"]
[Result "0-1"]
[WhiteElo "2346"]
[BlackElo "2157"]

1.d4 Nf6 2.Nf3 g6 3.g3 Bg7 4.Bg2 O-O 5.c4 d6 6.O-O Nc6 7.Nc3 a6 8.b3 Rb8
9.e3 b5 10.Qe2 Na5 11.cxb5 axb5 12.b4 Nc6 13.a3 e5 14.dxe5 Ng4 15.Nd4 Nxd4
16.exd4 dxe5 17.d5 e4 18.Bd2 f5 19.Kh1 Re8 20.Rfd1 Bd4 21.Be1 Nxf2+ 22.Bxf2 Bxc3
23.Rac1 Qf6 24.Qe3 Be5 25.Rc6 Qg7 26.Bf1 Bd7 27.Rc5 Rf8 28.Be2 f4 29.Qxe4 fxg3
30.Be3 gxh2 31.Bg4 Bxg4 32.Qxg4 Rf5 33.d6 cxd6 34.Rxb5 Rbf8 35.Qc4+ Kh8 36.Bd4 Qh6
37.Bxe5+ dxe5 38.Qe2 Qf4 39.Re1 Re8 40.a4 Qg3 41.Rf1 Ref8 42.Rd1 Qh3  0-1

[Event "ch-RUS w 1st League"]
[Site "Samara RUS"]
[Date "2005.03.30"]
[Round "8"]
[White "Chistiakova,T"]
[Black "Komiagina,M"]
[Result "1/2-1/2"]
[WhiteElo "2310"]
[BlackElo "2312"]

1.Nf3 Nf6 2.g3 g6 3.Bg2 Bg7 4.d4 O-O 5.c4 d6 6.Nc3 Nc6 7.d5 Na5 8.b3 c6 9.Bb2 Rb8
10.Nd4 c5 11.Nf3 a6 12.Nd2 b5 13.Rb1 bxc4 14.bxc4 Ng4 15.Qc2 Bh6 16.Nce4 f5
17.h3 Ne5 18.Bxe5 Rxb1+ 19.Nxb1 fxe4 20.Bb2 e3 21.f4 Qb6 22.Na3 Qb4+ 23.Qc3 e5
24.O-O Bg7 25.fxe5 Rxf1+ 26.Kxf1 Qb7 27.Kg1 Bxe5 28.Qxa5 Bxb2 29.Qd8+ Kf7
30.Qxd6 Bxa3 31.Qf4+ Kg8 32.d6 Qb1+ 33.Kh2 Qf5 34.Qxe3 Bb2 35.Bd5+ Kg7 36.Qe7+ Kh6
37.Qh4+ Qh5 38.Qf4+ g5 39.Qf8+ Bg7 40.Qxc8 Qxe2+ 41.Bg2 Qf2 42.Qe6+ Qf6 43.Qe7 Qe5
44.Bf3 Qb2+ 45.Bg2 Qe5 46.Qd7 Bf8 47.Qg4 Bxd6 48.Bf3 Qb2+ 49.Be2 Qe5  1/2-1/2

[Event "Weekender"]
[Site "Cork IRL"]
[Date "2005.04.03"]
[Round "5"]
[White "Baburin,A"]
[Black "Kotronias,V"]
[Result "0-1"]
[WhiteElo "2523"]
[BlackElo "2578"]

1.d4 Nf6 2.c4 g6 3.Nf3 Bg7 4.g3 O-O 5.Bg2 d6 6.O-O Nbd7 7.Nc3 e5 8.e4 c6
9.b3 Qb6 10.d5 Nc5 11.Be3 cxd5 12.Nxd5 Qd8 13.Nxf6+ Qxf6 14.Nd2 Ne6 15.Nb1 Nf4
16.Nc3 Nxg2 17.Kxg2 Bd7 18.Qd2 Qe6 19.f3 Qh3+ 20.Kg1 f5 21.Qxd6 f4 22.Bf2 Rad8
23.Qd3 g5 24.Qe2 b6 25.Rad1 g4 26.Rd5 gxf3 27.Qxf3 Bg4 28.Qg2 Qh5 29.Be1 Rxd5
30.Nxd5 Bh3 31.Qf3 Bg4 32.Qc3 Kh8 33.Rf2 Qg6 34.Qd3 h5 35.Kh1 f3 36.Rc2 h4
37.Bf2 Rf7 38.Kg1 Bf8 39.b4 a5 40.a3 axb4 41.axb4 Ra7 42.Rc1 Ra2 43.Nc3 hxg3
44.hxg3 Ra7 45.Qd8 Kg8 46.Nd5 Qh6 47.Rd1 Qh3 48.Ne3 Rh7  0-1

[Event "7th UI&UL GM"]
[Site "Dhaka BAN"]
[Date "2005.04.05"]
[Round "1"]
[White "Safin,S"]
[Black "Chatterjee,D"]
[Result "1-0"]
[WhiteElo "2463"]
[BlackElo "2246"]

1.d4 Nf6 2.c4 g6 3.Nf3 Bg7 4.g3 O-O 5.Bg2 d6 6.O-O c6 7.Nc3 Qa5 8.h3 Be6
9.Nd2 d5 10.Nb3 Qd8 11.cxd5 Nxd5 12.e4 Nxc3 13.bxc3 Bc4 14.Re1 Nd7 15.Nd2 Ba6
16.e5 c5 17.Ne4 cxd4 18.cxd4 Rc8 19.Be3 Bc4 20.Nd2 Ba6 21.Qb3 Nb6 22.Rac1 Qd7
23.Ne4 Na4 24.Ng5 e6 25.d5 Rxc1 26.Rxc1 exd5 27.Bxd5 Bxe5 28.Nxf7 Rxf7 29.Bxf7+ Kg7
30.Be6  1-0

[Event "1st ch-SCG"]
[Site "Kopaonik SCG"]
[Date "2005.04.07"]
[Round "6"]
[White "Kosic,D"]
[Black "Djukic,Ni"]
[Result "1/2-1/2"]
[WhiteElo "2515"]
[BlackElo "2509"]

1.d4 Nf6 2.Nf3 g6 3.g3 Bg7 4.Bg2 O-O 5.c4 d6 6.O-O Nc6 7.Nc3 a6 8.h3 Bd7
9.e4 e5 10.dxe5 dxe5 11.Re1 Re8 12.Nd5 Nxd5 13.cxd5 Nd4 14.Nxd4 exd4 15.f4 c6
16.Kh2 cxd5 17.e5 Qb6 18.b3  1/2-1/2

[Event "ch-RSA"]
[Site "Johannesburg RSA"]
[Date "2005.04.08"]
[Round "1"]
[White "Gluckman,D"]
[Black "Stander,H"]
[Result "1/2-1/2"]
[WhiteElo "2332"]
[BlackElo "2036"]

1.d4 Nf6 2.Nf3 g6 3.c4 Bg7 4.g3 O-O 5.Bg2 d6 6.O-O Nc6 7.d5 Na5 8.Nfd2 c5
9.Nc3 a6 10.Qc2 Bd7 11.b3 b5 12.Bb2 Rb8 13.Rab1 Qc7 14.Rfc1 bxc4 15.bxc4 Rb4
16.Ba3 Rxc4 17.Nxc4 Nxc4 18.Qb3 Bb5 19.Rc2 Rb8 20.Bc1 Na5 21.Qa3 Nc4 22.Qb3 Na5
23.Qa3 Nc4  1/2-1/2

[Event "ch-BLR U20"]
[Site "Minsk BLR"]
[Date "2005.04.10"]
[Round "3"]
[White "Stupak,K"]
[Black "Redko,S"]
[Result "1-0"]
[WhiteElo "2227"]
[BlackElo "2150"]

1.d4 Nf6 2.Nf3 g6 3.g3 Bg7 4.c4 O-O 5.Bg2 d6 6.O-O Nbd7 7.Nc3 e5 8.dxe5 dxe5
9.b3 Re8 10.e4 c6 11.Qc2 Qc7 12.Ba3 Bf8 13.Bb2 a5 14.a3 Nc5 15.h3 Qb6 16.Nd2 Bh6
17.Na4 Nxa4 18.bxa4 Nd7 19.Kh1 Nc5 20.f4 Qd8 21.Rf3 exf4 22.Raf1 Ne6 23.gxf4 Qh4
24.f5 Ng7 25.Qc3 gxf5 26.exf5 f6 27.c5 Re2 28.Qb3+ Kf8 29.Nc4 Nxf5 30.Nd6 Be6
31.Qxb7 Rxg2 32.Qxa8+ Kg7 33.Bxf6+ Kxf6 34.Rxf5+  1-0

[Event "FSIM April"]
[Site "Budapest HUN"]
[Date "2005.04.13"]
[Round "12"]
[White "Goczo,M"]
[Black "Stupavski,Z"]
[Result "0-1"]
[WhiteElo "2276"]
[BlackElo "2333"]

1.d4 Nf6 2.Nf3 g6 3.c4 Bg7 4.g3 O-O 5.Bg2 d6 6.O-O Nbd7 7.Nc3 e5 8.h3 c6
9.Qc2 Re8 10.e4 exd4 11.Nxd4 Nc5 12.Be3 a5 13.Rad1 Qe7 14.Rfe1 Nfd7 15.b3 h5
16.f4 h4 17.g4 Nf6 18.Bf2 Nxg4 19.hxg4 Bxg4 20.Rb1 h3 21.Bh1 Qf6 22.Be3 Qh4
23.Kh2 f5 24.Bf2 Qf6 25.exf5 gxf5 26.Qd2 Kf7 27.Nde2 Ne6 28.Rbc1 Bh6 29.Bg3 Rad8
30.Ng1 Rg8 31.Rf1 Ng7 32.Nf3 Nh5 33.Ng5+ Rxg5 34.Bh4 Re8 35.Nd5 cxd5 36.Bxd5+ Kg6
37.Rce1 Rxe1 38.Rxe1 Nxf4 39.Qxf4 Kh5 40.Qf2 Qg7 41.Bxg5 Bxg5 42.Re6 Bf6
43.Bf3 Be5+ 44.Kh1 Qg5 45.Bxg4+ Qxg4 46.Rxe5 dxe5 47.Qd2 e4 48.c5 Qf3+ 49.Kg1 e3  0-1

[Event "Extraliga CZE 2004-5"]
[Site "Czech Rep CZE"]
[Date "2005.04.17"]
[Round "11"]
[White "Jaworski,Mi"]
[Black "Salai,L"]
[Result "1/2-1/2"]
[WhiteElo "2365"]
[BlackElo "2378"]

1.d4 Nf6 2.c4 g6 3.Nf3 Bg7 4.g3 O-O 5.Bg2 d6 6.O-O c6 7.Nc3 Qa5 8.h3 Be6
9.Qd3 Qa6 10.b3 d5 11.Ne5 Rd8 12.Rd1 dxc4 13.Nxc4 Nbd7 14.Bb2 Nb6 15.Ne5 Qxd3
16.Rxd3 Nfd7 17.Nxd7 Rxd7  1/2-1/2

[Event "TCh-HUN w"]
[Site "Budapest HUN"]
[Date "2005.04.21"]
[Round "3"]
[White "Solyomvari,R"]
[Black "Szabo,N"]
[Result "0-1"]
[WhiteElo "2021"]
[BlackElo "1955"]

1.d4 Nf6 2.c4 g6 3.Nf3 Bg7 4.g3 O-O 5.Bg2 d6 6.O-O c5 7.Nc3 Na6 8.h3 Nc7
9.Be3 cxd4 10.Nxd4 Rb8 11.a4 Bd7 12.Nc2 a6 13.Ba7 Ra8 14.Bb6 Qc8 15.Nb4 a5
16.Nd3 Nce8 17.Nf4 Qxc4 18.Nfd5 Nxd5 19.Nxd5 e6 20.b3 Qa6 21.Ne7+ Kh8 22.Bd4 f6
23.Be4 f5 24.Bd3 b5 25.Bxg7+ Kxg7 26.Qc2 Rf7 27.axb5 Bxb5 28.Bxb5 Qxb5 29.Qc6 Qb8
30.Qc3+ Nf6 31.Nc6 Qc8 32.Rfc1 Rc7 33.Ra2 Ra6 34.Rac2 Raxc6 35.Qxc6 Rxc6
36.Rxc6 Qb8 37.Rc7+ Kh6 38.R1c4 Qxb3 39.Rh4+ Nh5 40.Rf7 g5 41.Rd4 Nxg3 42.fxg3 Qe3+  0-1